Mothballing and re-commissioning of buildings (Record no. 106976)
[ view plain ]
| 000 -LEADER | |
|---|---|
| fixed length control field | 01035cam a22002055a 4500 |
| 001 - CONTROL NUMBER | |
| control field | L138025 |
| 008 - FIXED-LENGTH DATA ELEMENTS--GENERAL INFORMATION | |
| fixed length control field | 070511s2006 xxk f 000 0 eng d |
| 020 ## - INTERNATIONAL STANDARD BOOK NUMBER | |
| International Standard Book Number | 090378355X |
| 035 ## - SYSTEM CONTROL NUMBER | |
| System control number | (Sirsi) u138025 |
| 041 0# - LANGUAGE CODE | |
| Language code of text/sound track or separate title | eng |
| 050 04 - LIBRARY OF CONGRESS CALL NUMBER | |
| Classification number | 697 $2 18 |
| 110 2# - MAIN ENTRY--CORPORATE NAME | |
| Corporate name or jurisdiction name as entry element | Heating and Ventilating Contractors' Association |
| 9 (RLIN) | 2543 |
| 245 00 - TITLE STATEMENT | |
| Title | Mothballing and re-commissioning of buildings |
| Remainder of title | guide to good practice |
| 250 ## - EDITION STATEMENT | |
| Edition statement | 1st ed. |
| 260 ## - PUBLICATION, DISTRIBUTION, ETC. | |
| Place of publication, distribution, etc. | HCVA |
| Date of publication, distribution, etc. | 2006 |
| 520 ## - SUMMARY, ETC. | |
| Summary, etc. | Provides a best practice guide for shutdown procedures for building services plant, covering the safety and security of the property, interim maintenance and eventual re-commissioning to full function. Areas considered include compressed air systems, ventilation, cooling, electrical, fire alarms, plumbing, heating, water hygiene services, emergency lighting, chilled water systems and oil and gas supply. |
| 651 #4 - SUBJECT ADDED ENTRY--GEOGRAPHIC NAME | |
| Geographic name | United Kingdom |
| Chronological subdivision | |
| 690 ## - LOCAL SUBJECT ADDED ENTRY--TOPICAL TERM (OCLC, RLIN) | |
| Topical term or geographic name as entry element | BUILT ENVIRONMENT-BUILDING SERVICES-BUILDING SERVICES ENGINEERING-HEATING AND VENTILATION ENGINEERING |
| 942 ## - ADDED ENTRY ELEMENTS (KOHA) | |
| Suppress in OPAC | 0 |
| Withdrawn status | Lost status | Source of classification or shelving scheme | Damaged status | Not for loan | Home library | Current library | Shelving location | Date acquired | Total Checkouts | Full call number | Barcode | Date last seen | Date last checked out | Copy number | Price effective from | Koha item type |
|---|---|---|---|---|---|---|---|---|---|---|---|---|---|---|---|---|
| Dewey Decimal Classification | London | London | Books | 17/08/2007 | 1 | F697 HVC | 30073961 | 06/08/2019 | 13/02/2008 | 1 | 06/08/2019 | Book |